00447nam a2200121Ia 4500008004100000245013500041260004500176260000900221300000900230500001000239650001300249856006300262170516s9999 xx 000 0 und d aIntroduction of antineoplastic drug NSC631570 in an inpatient and outpatient setting: Comparative evaluation of biological effects bAsian Journal of Pharmaceutical Sciences c2016 a11:2 aApril xPharmacy uhttp://www.sciencedirect.com/science/journal/18180876/11/2